| 000 | 00558cam a2200217ua 4500 | ||
|---|---|---|---|
| 001 | 53 | ||
| 008 | 171012n ii |||gr||||Z||||||eng | ||
| 020 | _a81-780-6036-1 | ||
| 040 | _cMAIN | ||
| 041 | _aeng | ||
| 082 | _a004.678 | ||
| 100 | _aNegy, Jayant., | ||
| 245 |
_aHow Best To Use The Internet And E-Mail. _cBy Jayant Neogy. |
||
| 250 | _a1st. | ||
| 260 |
_aNew Delhi.: _bUnicorn Books Pvt. Ltd., _c2002. |
||
| 300 |
_a136 p.: _bill.; _c20 cm. |
||
| 653 | _aComputer Science. | ||
| 653 | _aInternet and E-Mail. | ||
| 700 | 1 | _aNegy, Jayant., | |
| 942 | _cBK | ||
| 999 |
_c45 _d45 |
||